=LDR 00000nam 2200000 4500 =001 NUTBA000000000001490 =005 20210107090511 =035 ##$$a 0010-041400000000760 =008 210107################g##########0#ind## =082 ##$$a 320 =090 ##$$a 320, War b =100 ##$$a Wardaya Sj, Baskara T =245 1#$$a Bung Karno Menggugat ! : $b Dari Mahaen, CIA, Pembantaian Massal '65 Hingga G 30 S /$c Dr. Baskara T. Wardaya Sj =260 ##$$a Yogyakarta :$b Galang Press,$c 2009 =300 ##$$a 316 hlm, : $b ilus. ; $c 23 x 15 cm. =650 #4$$a Sejarah Politik =850 ##$$a NBPNMAT =020 ##$$a 978-602-8174-29-9 =084 ##$$a 320 WAR b =990 ##$$a 21001830 =990 ##$$a 21195503/BPAP-NTB/2014 =990 ##$$a 0001/BPAP-NTB/2016 =990 ##$$a 0001/BPAP-NTB/2016 =990 ##$$a 01201710470 =990 ##$$a 21008765 =990 ##$$a 21008766 =990 ##$$a 21001830 =990 ##$$a 21195503/BPAP-NTB/2014 =990 ##$$a 0001/BPAP-NTB/2016 =990 ##$$a 0001/BPAP-NTB/2016 =990 ##$$a 21008765 =990 ##$$a 21002286 =990 ##$$a 21001830 =990 ##$$a 21195503/BPAP-NTB/2014 =990 ##$$a 0001/BPAP-NTB/2016 =990 ##$$a 21008766 =990 ##$$a 21008765 =990 ##$$a 21002284 =990 ##$$a 21001830 =990 ##$$a 21195503/BPAP-NTB/2014 =990 ##$$a 21002286 =990 ##$$a 21008766 =990 ##$$a 21008765 =990 ##$$a 21001829 =990 ##$$a 21001830 =990 ##$$a 21002284 =990 ##$$a 21002286 =990 ##$$a 21008766 =990 ##$$a 21008765